LEADER 00833cam2 22002771 450 001 SOBE00064561 005 20201113075916.0 010 $a8822106911 100 $a20200929d1991 |||||ita|0103 ba 101 $aita 102 $aIT 200 0 $a3$fAntonio Brancati 205 $a3. ed 210 $aFirenze$cLa nuova Italia$d1991 215 $a976 p.$cill.$d26 cm 461 1$1001E600200028469$12001 $aPopoli e civiltà / Antonio Brancati 700 1$aBRANCATI$b, Antonio$3AF00020256$4070$0187528 801 0$aIT$bUNISOB$c20201113$gRICA 850 $aUNISOB 852 $aUNISOB$j900$m70143 912 $aSOBE00064561 940 $aM 102 Monografia moderna SBN 941 $aW 957 $a900$b002381$i-3$gSI$d70143$1rovito$2UNISOB$3UNISOB$420200929094602.0$520200929094648.0$6rovito 996 $a3$91761212 997 $aUNISOB LEADER 01471nas 2200493- 450 001 9910446734403321 005 20230404213020.0 011 $a2399-6552 035 $a(DE-599)ZDB2879408-4 035 $a(OCoLC)972164734 035 $a(CKB)3860000000041536 035 $a(CONSER)--2020207518 035 $a(EXLCZ)993860000000041536 100 $a20170210a20179999 --- - 101 0 $aeng 135 $aur||||||||||| 181 $ctxt$2rdacontent 182 $cc$2rdamedia 183 $acr$2rdacarrier 200 00$aEnvironment and planning$hC$iPolitics and space 210 31$aLondon :$cSage Publishing,$d2017- 215 $a1 online resource 300 $aRefereed/Peer-reviewed 311 $a2399-6544 517 1 $aPolitics and space 517 1 $aPolitics and space. C 517 1 $aEPC 606 $aPolicy sciences$vPeriodicals 606 $aPublic administration$vPeriodicals 606 $aPolicy sciences$2fast$3(OCoLC)fst01068796 606 $aPublic administration$2fast$3(OCoLC)fst01081976 608 $aPeriodicals.$2fast 608 $aPeriodicals.$2lcgft 610 10$aPhysical Planning (General) 610 10$aRuimtelijke ordening (algemeen) 615 0$aPolicy sciences 615 0$aPublic administration 615 7$aPolicy sciences. 615 7$aPublic administration. 676 $a320.1205 906 $aJOURNAL 912 $a9910446734403321 996 $aEnvironment and planning$91931699 997 $aUNINA